01176cam a2200301 a 450000100100000000500170001000800410002702000150006804000300008304100380011308200180015110000350016924501020020426000540030630000210036044000500038153400420043165000270047365000310050065000310053165000390056265000340060170000350063570000340067091000340070495201210073899900150085900000422220240515122609.0031107s2004 sp b 001 e spa c a8449315905 aDO-SdBNPbspacDLCdBNPHU17aspaheng2Código de idioma MARC a864.64bW242r1 aWalzer, Michael,d1935-91246810aReflexiones sobre la guerra /cMichael Walzer ; traducción, Carmen Castells y Claudia Casanova. aBarcelona, España :bPaidós Ibérica,c2004. a203 p. ;c24 cm. 0aPaidós Estado y Sociedad ;vno. 121.912469 aTítulo original: Arguing about war. 4aEnsayo español93923 4aLiteratura española9632 4aGuerraxFilosofía912470 4aDoctrina de la guerra justa912471 0aPolítica económica9849311 aCasanova, Claudia,etr.9124721 aCastells, Carmen,etr.912473 aCatalogación por copia / LC 001054708MOaGRbGRcCTd2009-07-20iLF1l0o864.64 W242rp4222-10r2020-06-25w2020-06-25y4ZPréstamo en sala c4036d4036